| 000 | 00368cam a2200169ua 4500 | ||
|---|---|---|---|
| 001 | 3586 | ||
| 008 | 160623n II |||frmmmmZ001|0|asm | ||
| 040 | _aMAIN | ||
| 041 | _aEnglish | ||
| 082 | _a572 TAL | ||
| 100 | _aTALUKDAR, ROBINDRA NATH. | ||
| 245 | _aJIBO RASAYAN | ||
| 260 |
_aGUWAHATI _bAHSEC |
||
| 300 |
_a223: _c20CM. |
||
| 653 | _aBiochemistry | ||
| 942 | _cBK | ||
| 999 |
_c3574 _d3574 |
||